The noble scholar, jurist, historian


 His Excellency Dr. Abdul Wahhab bin Ibrahim Abu Sulaiman, may Allah have mercy on him.


 He was born in Umm Al-Qura in the year 1356 AH.

ثبت الإثبات الشهيرة / (Record no. 1182)

MARC details
000 -LEADER
fixed length control field 01245cam a2200289 i 4500
003 - CONTROL NUMBER IDENTIFIER
control field SA-RiAUC
005 - DATE AND TIME OF LATEST TRANSACTION
control field 20241011152646.0
008 - FIXED-LENGTH DATA ELEMENTS--GENERAL INFORMATION
fixed length control field 241006s2005 su g 00010 ara c
020 ## - INTERNATIONAL STANDARD BOOK NUMBER
International Standard Book Number 9960445038
040 ## - CATALOGING SOURCE
Original cataloging agency SA-JeALM
Language of cataloging ara
Transcribing agency SA-RiAUC
Description conventions rda
072 #7 - SUBJECT CATEGORY CODE
Subject category code 026
082 04 - DEWEY DECIMAL CLASSIFICATION NUMBER
Classification number 234.6
090 ## - LOCALLY ASSIGNED LC-TYPE CALL NUMBER (OCLC); LOCAL CALL NUMBER (RLIN)
Classification number (OCLC) (R) ; Classification number, CALL (RLIN) (NR) 234.6
Local cutter number (OCLC) ; Book number/undivided call number, CALL (RLIN) أ ب و ب
100 1# - MAIN ENTRY--PERSONAL NAME
Personal name أبو بكر خوقير، أبو بكر بن محمد بن عارف،
Dates associated with a name 1282-1349 هجري
Relator term مؤلف.
245 10 - TITLE STATEMENT
Title ثبت الإثبات الشهيرة /
Statement of responsibility, etc. تأليف أبو بكر محمد بن عارف خوقير المكي ؛ تحقيق راشد بن عامر بن عبد الله الغفيلي.
250 ## - EDITION STATEMENT
Edition statement الطبعة الأولى.
264 #1 - PRODUCTION, PUBLICATION, DISTRIBUTION, MANUFACTURE, AND COPYRIGHT NOTICE
Place of production, publication, distribution, manufacture الرياض :
Name of producer, publisher, distributor, manufacturer راشد بن عامر بن عبد الله الغفيلي،
Date of production, publication, distribution, manufacture, or copyright notice 2004
300 ## - PHYSICAL DESCRIPTION
Extent 101 صفحة ؛
Dimensions 24 سم.
336 ## - CONTENT TYPE
Content type term نص
Content type code txt
Source rdacontent
Materials specified كتاب
337 ## - MEDIA TYPE
Media type term بدون وسيط
Media type code n
Source rdamedia
338 ## - CARRIER TYPE
Carrier type term مجلد
Carrier type code nc
Source rdacarrier
440 #0 - SERIES STATEMENT/ADDED ENTRY--TITLE
Title تحصيل ما فات من كتب الإجازات والإثبات
Volume/sequential designation 1
650 #7 - SUBJECT ADDED ENTRY--TOPICAL TERM
Topical term or geographic name entry element الحديث
General subdivision إسناد
Source of heading or term aucsh
700 1# - ADDED ENTRY--PERSONAL NAME
Personal name الغفيلي، راشد بن عامر عبد الله
Relator term محقق.
942 ## - ADDED ENTRY ELEMENTS (KOHA)
Source of classification or shelving scheme Dewey Decimal Classification
Koha item type Books
Suppress in OPAC No
949 ## - LOCAL PROCESSING INFORMATION (OCLC)
a SA-JeALM
d 241006
u mohamedma123
n 1
Holdings
Withdrawn status Lost status Source of classification or shelving scheme Damaged status Not for loan Home library Current library Date acquired Total checkouts Full call number Barcode Date last seen Price effective from Koha item type
    Dewey Decimal Classification     DR AbdElwahab Library DR AbdElwahab Library 10/11/2024   234.6 أ ب و ب 000001624 10/11/2024 10/11/2024 Books